| Tag |
First Indicator |
Second Indicator |
Subfields |
| LEADER |
00000cam a2200000 4500 |
| 001 |
in00003868413 |
| 005 |
20190415191252.0 |
| 006 |
m o d |
| 007 |
cr |n||||||||n |
| 008 |
790322s1735 enk|||| o 00| ||eng c |
| 035 |
|
|
|a (CU-RivES)T25459
|
| 035 |
|
|
|a (Uk-ES)006224316
|
| 035 |
|
|
|a (OCoLC)508515230
|
| 040 |
|
|
|a Uk-ES
|c Uk-ES
|d CStRLIN
|d CU-RivES
|d Cengage Gale
|d UtOrBLW
|
| 100 |
1 |
|
|a Wycherley, William,
|d 1640-1716.
|0 http://id.loc.gov/authorities/names/n79066666
|
| 245 |
1 |
0 |
|a Plays written by Mr. Wm. Wycherley :
|b Containing, The country wife. The plain-dealer. Gentleman dancing-master. Love in a wood.
|
| 264 |
|
1 |
|a London :
|b Printed for B. Motte, W. Feales, R. Wellington, J. Brindley, C. Corbett, and B. Wellington,
|c MDCCXXXV. [1735]
|
| 300 |
|
|
|a 1 online resource (2 unnumbered pages, 105 pages, 1 unnumbered page, 132, 118 pages, 2 unnumbered pages, 124 pages) :
|b illustrations ;
|
| 336 |
|
|
|a text
|b txt
|2 rdacontent
|
| 337 |
|
|
|a computer
|b c
|2 rdamedia
|
| 338 |
|
|
|a online resource
|b cr
|2 rdacarrier
|
| 500 |
|
|
|a Each play has a separate dated titlepage, pagination and register.
|
| 500 |
|
|
|a Titlepage in red and black.
|
| 510 |
4 |
|
|a Pforzheimer,
|c 1103
|
| 510 |
4 |
|
|a English Short Title Catalog,
|c T25459.
|
| 500 |
|
|
|a Reproduction of original from British Library.
|
| 500 |
|
|
|a Electronic resource.
|
| 650 |
|
0 |
|a English drama (Comedy)
|z Great Britain
|y 18th century.
|
| 655 |
|
7 |
|a Electronic books.
|2 local
|
| 655 |
|
7 |
|a Plays.
|2 rbgenr
|
| 710 |
2 |
|
|a Gale (Firm)
|0 http://id.loc.gov/authorities/names/no2008071348
|
| 752 |
|
|
|a Great Britain
|b England
|d London.
|
| 856 |
4 |
0 |
|u http://proxy.library.tamu.edu/login?url=http://find.galegroup.com/ecco/infomark.do?contentSet=ECCOArticles&docType=ECCOArticles&bookId=1322700100&type=getFullCitation&tabID=T001&prodId=ECCO&docLevel=TEXT_GRAPHICS&version=1.0&source=library&userGroupName=txshracd2898
|z Connect to the full text of this electronic book
|t 0
|
| 999 |
f |
f |
|s 1d67cd29-f552-3f24-9d71-b6f6b620b3e2
|i 57197d5f-02ca-3a28-b547-ec21b2398a1b
|t 0
|
| 952 |
f |
f |
|a Texas A&M University
|b College Station
|c Electronic Resources
|d Available Online
|t 0
|h No information provided
|
| 998 |
f |
f |
|t 0
|l Available Online
|